| 000 | 00882nam a2200229Ii 4500 | ||
|---|---|---|---|
| 003 | JO-AjNU | ||
| 008 | 230605s9999||||xx |||||||||||||| ||und|| | ||
| 017 | _a2005/21821 | ||
| 020 | _a977-265-683-3 | ||
| 040 |
_aJO-AjNU _bara _erda _cJO-AjNU |
||
| 041 | _aara | ||
| 050 | 1 | 4 | _aBP10.J383.R35.2010 |
| 100 | 3 |
_aرمضان،محمد عبد الرحمن المرسي ، الشاطر،محمد خيرت؛ تقديم ، فارس،عصام/عناية, _eauthor _945522 |
|
| 245 | 0 | 0 | _aمنهج الإصلاح :دراسة في رسائل الإمام البنا |
| 250 | _aط3 مزيدة ومنقحة | ||
| 264 | 3 | 1 | _aعمان:دار عمار للنشر والتوزيع ،2010 |
| 300 | _a423ص | ||
| 336 |
_atext _btxt _2rdacontent |
||
| 337 |
_aunmediated _bn _2rdamedia |
||
| 338 |
_avolume _bnc _2rdacarrier |
||
| 650 | 4 |
_aالاسلام والسياسة-مصر-تاريخ _945523 |
|
| 999 |
_aA19740 _c23308 _d23308 |
||